|
|
|
|
| LEADER |
00000nam0a2200000 4500 |
| 001 |
374630 |
| 005 |
20231101051239.0 |
| 035 |
|
|
|a (RuTPU)RU\TPU\retro\32064
|
| 035 |
|
|
|a RU\TPU\book\207214
|
| 090 |
|
|
|a 374630
|
| 100 |
|
|
|a 20221219d1937 km y0rusy50 ca
|
| 101 |
1 |
|
|a rus
|c ger
|
| 102 |
|
|
|a RU
|
| 105 |
|
|
|a a j 001zy
|
| 200 |
1 |
|
|a Прокатное дело
|e учебное пособие для втузов
|e пер. с нем.
|f под ред. И. Пуппе, Г. Штаубера
|h Т. 2
|
| 210 |
|
|
|a Москва
|a Ленинград
|c ОНТИ НКТП
|d 1937
|
| 215 |
|
|
|a 544 с.
|c ил.
|
| 320 |
|
|
|a Библиогр.: с. 531-540.
|
| 610 |
1 |
|
|a прокатное производство
|
| 610 |
1 |
|
|a полупродукты
|
| 610 |
1 |
|
|a прокатка
|
| 610 |
1 |
|
|a слябы
|
| 610 |
1 |
|
|a железо
|
| 610 |
1 |
|
|a балки
|
| 610 |
1 |
|
|a проволока
|
| 610 |
1 |
|
|a технологические процессы
|
| 610 |
1 |
|
|a оборудование
|
| 610 |
1 |
|
|a прокатные устройства
|
| 610 |
1 |
|
|a описание
|
| 610 |
1 |
|
|a учебные пособия
|
| 675 |
|
|
|a 621.771(075.8)
|v 3
|
| 702 |
|
1 |
|a Пуппе
|b И.
|4 340
|
| 702 |
|
1 |
|a Штаубер
|b Г.
|4 340
|
| 801 |
|
1 |
|a RU
|b 63413507
|c 20110119
|
| 801 |
|
2 |
|a RU
|b 63413507
|c 20221219
|g RCR
|
| 942 |
|
|
|c BK
|